Search the Library Catalogue
| 000 -LEADER | |
|---|---|
| fixed length control field | 01626nam a2200169Ia 4500 |
| 008 - FIXED-LENGTH DATA ELEMENTS--GENERAL INFORMATION | |
| fixed length control field | 250728s9999 xx 000 0 und d |
| 020 ## - INTERNATIONAL STANDARD BOOK NUMBER | |
| ISBN | 9781849830188 |
| 082 ## - DEWEY DECIMAL CLASSIFICATION NUMBER | |
| Classification number | 949.5076092 |
| Item number | SHA |
| 100 ## - MAIN ENTRY--AUTHOR NAME | |
| Personal name | Shaw, Jane |
| 245 #0 - TITLE STATEMENT | |
| Title | Talking to Zeus |
| 260 ## - PUBLICATION, DISTRIBUTION, ETC. (IMPRINT) | |
| Name of publisher | Pocket Books |
| Year of publication | 2010 |
| 300 ## - PHYSICAL DESCRIPTION | |
| Number of Pages | 368 pages |
| 500 ## - GENERAL NOTE | |
| General note | Jane Shaw was working as a volunteer in Chelsea's famous Physic Garden when she earned a placement to work for a year on a very special organic garden in Greece. But this was to be no easy-going break in the Mediterranean. The five-acre plot, which Jane swiftly named 'Alcatraz', was devoid of creature comforts, perched on a steep, remote hillside that was blindingly hot in summer and freezing in winter, and overseen by a 74-year-old, passionate, mercurial eccentric English lady called Joy. On arrival, Jane is immediately drawn into the intrigue of village life, such as the ongoing feud with the nouveau richeex-pat neighbour with a sports car, whom Joy suspects has dug an illegal bore hole to water his terraced lawns. But most of all she is beguiled by the vibrant energy of the landscape, the folklore, the food and the numerous engaging characters who flock to Joy as the wise matriarch of the locale. The story arcs through a year of seasons in the garden as Jane learns to love its wild beauty and to relish the hard work and care it needs. This is a charming, wildly entertaining and joyful portrait of a very special place, and will appeal to anyone who loves gardening, or who has enjoyed books such as Driving Over Lemons. |
| 650 ## - SUBJECT ADDED ENTRY--TOPICAL TERM | |
| Topical Term | Gardens |
| 942 ## - ADDED ENTRY ELEMENTS (KOHA) | |
| Koha item type | English Books |
| Withdrawn status | Lost status | Damaged status | Not for loan | Home library | Current library | Shelving location | Date acquired | Full call number | Accession Number | Price effective from | Koha item type |
|---|---|---|---|---|---|---|---|---|---|---|---|
| Anna Centenary Library | Anna Centenary Library | 7TH FLOOR, B WING | 28.07.2025 | 949.5076092 SHA | 446295 | 28.07.2025 | English Books |